000 00479nam a22001697a 4500
003 OSt
005 20240326072510.0
008 240326b |||||||| |||| 00| 0 eng d
020 _a9072746759
040 _aKMU
_beng
_cKMU
_dKMU
_eRDA
110 _aCTA
245 _aWaterharvesting and soil moisture retention/
_cCTA
260 _bAgromisa Foundation,
_c2001.
300 _a92p.:
_bill (diagrams);
_c21cm.
700 _aAnschutz Justine and Nederlof Marc.
_d1997
942 _2lcc
_cBK
_n0
999 _c1065
_d1065